| 000 | 00634nam a22001697a 4500 | ||
|---|---|---|---|
| 003 | SGT | ||
| 020 | _a978812035007 | ||
| 082 | _a621.381,STR | ||
| 100 | _aSTREETMAN,BEN G | ||
| 245 | _aSOLID STATE ELECTRONIC DEVICES | ||
| 250 | _a7TH | ||
| 260 |
_aNEW DELHI _bPHI _c2014 |
||
| 300 | _a596 | ||
| 650 | _aELECTRONICS, PHYSICS | ||
| 653 | _aCRYSTAL PROPERTIES AND GROWTH OF SEMICONDUCTORS, ATOMS AND ELECTRONS, ENERGY BANDS AND CHARGE CARGE CARRIERS IN SEMICONDUCTORS, EXCESS CARRIERS IN SEMICONDUCTORS,JUNCTIONS, FIELD EFFECT TRANSISTORS, BIPOLAR JUNCTION TRANSISTORS, OPTO-ELECTRONIC DEVICES, INTEGRATED CIRCUITS | ||
| 942 |
_2ddc _cFPS |
||
| 999 |
_c9403 _d9403 |
||